History of India's diplomatic missions: (Record no. 20708)

MARC details
000 -LEADER
fixed length control field 01066nam a2200277 4500
005 - DATE AND TIME OF LATEST TRANSACTION
control field 19970905091730.0
008 - FIXED-LENGTH DATA ELEMENTS--GENERAL INFORMATION
fixed length control field 700514s1968 enka 000 0 eng
010 ## - LCCN (DPL NO)
LC control number ENG-92401
020 ## - INTERNATIONAL STANDARD BOOK NUMBER
Terms of availability 495.00
International Standard Book Number 9788190292955
020 ## - INTERNATIONAL STANDARD BOOK NUMBER
Terms of availability 495.00
International Standard Book Number 8190292951
035 ## - SYSTEM CONTROL NUMBER
System control number EN-75934
037 ## - SOURCE OF ACQUISITION
Source of stock number/acquisition DBAD / PUB
040 ## - CATALOGING SOURCE
Original cataloging agency dpl
Language of cataloging English
082 ## - DEWEY DECIMAL CLASSIFICATION NUMBER
Classification number 327.2
100 ## - MAIN ENTRY--PERSONAL NAME
Personal name Pant, Shaila
245 ## - TITLE STATEMENT
Title History of India's diplomatic missions:
Statement of responsibility, etc by Shaila Pant
Remainder of title formative years /
260 ## - PUBLICATION, DISTRIBUTION, ETC. (IMPRINT)
Place of publication, distribution, etc Delhi
Name of publisher, distributor, etc Shakti Book House
Date of publication, distribution, etc 2008
270 ## - ADDRESS
Address 3-B, DDA Flats, Mansarover Park, Shahdara,
City Delhi
Postal code 110032
300 ## - PHYSICAL DESCRIPTION
Extent vii, 201p.
Dimensions 22cm (Hb)
500 ## - GENERAL NOTE
General note Includes bibliographical references
650 ## - SUBJECT ADDED ENTRY--TOPICAL TERM
Topical term or geographic name as entry element Diplomatic and consular service, East Indian
General subdivision History
Geographic subdivision 20th century.
650 ## - SUBJECT ADDED ENTRY--TOPICAL TERM
Topical term or geographic name as entry element Diplomacy.
651 ## - SUBJECT ADDED ENTRY--GEOGRAPHIC NAME
Geographic name India
General subdivision Foreign relations.
942 ## - ADDED ENTRY ELEMENTS (KOHA)
Source of classification or shelving scheme Dewey Decimal Classification
Item type English Books
Call number suffix PAN
Classification part 327.2
Holdings
Withdrawn status Lost status Source of classification or shelving scheme Damaged status Not for loan Collection code Home library Current library Date acquired Source of acquisition Cost, normal purchase price Total Checkouts Full call number Barcode Date last seen Copy number Cost, replacement price Koha item type
    Dewey Decimal Classification   Not For Loan Non-fiction D.B.Act.Division D.B.Act.Division 07/01/2009 DBAB / PUB 495.00   327.2 PAN EN-75934 07/01/2009 1 495.00 English Books

© Delhi Public Library
Hit Counter
free hit counter